Every Song by Crossfade - Statistics

General Stats
  • This quiz has been taken 8 times
  • The average score is 6 of 31
Answer Stats
Album Song % Correct
Crossfade(2004) Cold
100%
Crossfade(2004) Colors
63%
Crossfade(2004) So Far Away
63%
Crossfade(2004) Starless
50%
Crossfade(2004) The Deep End
50%
Falling Away(2006) Already Gone
38%
Crossfade(2004) No Giving Up
38%
Crossfade(2004) Dead Skin
25%
Crossfade(2004) Death Trend Setta
13%
Crossfade(2004) Disco
13%
Falling Away(2006) Falling Away
13%
Falling Away(2006) Invincible
13%
We All Bleed(2011) Killing Me Inside
13%
We All Bleed(2011) Open Up Your Eyes
13%
We All Bleed(2011) Prove You Wrong
13%
Crossfade(2004) The Unknown
13%
Falling Away(2006) Washing the World Away
13%
We All Bleed(2011) We All Bleed
13%
Falling Away(2006) Anchor
0%
Falling Away(2006) Breathing Slowly
0%
We All Bleed(2011) Dead Memories
0%
We All Bleed(2011) Dear Cocaine
0%
Falling Away(2006) Drown You Out
0%
Falling Away(2006) Everything's Wrong
0%
We All Bleed(2011) I Think You Should Know
0%
We All Bleed(2011) Lay Me Down
0%
We All Bleed(2011) Make Me a Believer
0%
Falling Away(2006) Never Coming Home
0%
Falling Away(2006) Someday
0%
We All Bleed(2011) Suffocate
0%
Falling Away(2006) Why
0%
No matching quizzes found
Score Distribution
Percent of People with Each Score
Percentile by Number Answered
Your Score History
You have not taken this quiz